Keep Your Hair On Quiz Stats

 Plays Quiz Updated Mar 21, 2018

Also try: Hands Up
Challenge
Share
Tweet
Embed
Score 0/20 Timer 03:00
0 Plays Today
% Correct
let your hair down
93.7%
a bad hair day
90.3%
hair of the dog that bit you
87.4%
not a hair out of place
86%
split hairs
85.8%
neither hide nor hair of him
85.5%
hair shirt
84.1%
get in someone's hair
83.2%
hair's breadth
83%
hair trigger
82.3%
% Correct
didn't turn a hair
80.9%
make your hair stand on end
80.1%
a hairy situation
80%
harm a hair on someone's head
75.4%
to have someone by the short hairs
74.5%
put hairs on your chest
73.8%
to tear your hair out
70.1%
in the cross hairs
69%
get grey hair from something
59.5%
a hair in the butter
49.1%

You're not logged in!

Compare scores with friends on all Sporcle quizzes.
OR
Log In

You Might Also Like...

Show Comments

Extras

Top Quizzes Today


Score Distribution

Your Account Isn't Verified!

In order to create a playlist on Sporcle, you need to verify the email address you used during registration. Go to your Sporcle Settings to finish the process.

Report this User

Report this user for behavior that violates our Community Guidelines.

Details: